L'acustique moderne technique et industrielle / (Record no. 52548)

MARC details
000 -LEADER
campo de control de longitud fija 00601nam a2200181 i 4500
001 - NÚMERO DE CONTROL
campo de control 52548
003 - IDENTIFICADOR DE NÚMERO DE CONTROL
campo de control ES-MaACL
005 - FECHA Y HORA DE LA ÚLTIMA TRANSACCIÓN
campo de control 20230906162612.0
007 - CAMPO FIJO DE DESCRIPCIÓN FÍSICA--INFORMACIÓN GENERAL
campo de control de longitud fija t|
008 - DATOS DE LONGITUD FIJA--INFORMACIÓN GENERAL
campo de control de longitud fija 030901s1936 fr ||||1| fre d
100 1# - ENTRADA PRINCIPAL--NOMBRE DE PERSONA
Nombre de persona Davis, A. H.
9 (RLIN) 42952
245 12 - MENCIÓN DEL TÍTULO
Título L'acustique moderne technique et industrielle /
Mención de responsabilidad, etc. par A.H. Davis ; traduit de l'anglais par M. Varinois ; preface de F. Canae.
260 ## - PUBLICACIÓN, DISTRIBUCIÓN, ETC.
Lugar de publicación, distribución, etc. Paris :
Nombre del editor, distribuidor, etc. Dunod,
Fecha de publicación, distribución, etc. 1936 (
Lugar de fabricación/manufactura Orleans :
Fabricante Imp. Henri Tessier)
300 ## - DESCRIPCIÓN FÍSICA
Extensión XIX, 422 p. :
Otras características físicas il. ;
Dimensiones 26 cm.
700 1# - ENTRADA AGREGADA--NOMBRE PERSONAL
Nombre de persona Varinois, Maurice.
9 (RLIN) 113230
700 1# - ENTRADA AGREGADA--NOMBRE PERSONAL
Nombre de persona Canae, F.
9 (RLIN) 34367
852 ## - LOCALIZACIÓN
Ubicación ES-MaACL
Número de control de estantería A-4292
Holdings
Estatus retirado Estado de pérdida Estado de daño No para préstamo Biblioteca de origen Biblioteca actual Ubicación en estantería Fecha de adquisición Fuente de adquisición Total de préstamos Signatura topográfica completa Código de barras Visto por última vez Precio de reemplazo Tipo de ítem Koha
        Biblioteca del Ateneo de Madrid Biblioteca del Ateneo de Madrid Sala Pecera Planta 1 17/01/2008     A-4292 1055230 23/02/2023 23/02/2023 Libro impreso